[Event "Speed Chess Championship 2020"]
[Site "Online"]
[Date "2020.11.04"]
[Round "1.1"]
[White "Carlsen, Magnus"]
[Black "Maghsoodloo, Parham"]
[Result "1/2-1/2"]
[WhiteElo "2862"]
[BlackElo "2676"]
[Annotator "TA"]
[PlyCount "85"]
[EventDate "2020.10.31"]
[EventType "k.o."]
[SourceTitle "playchess.com"]
[Source "ChessBase"]
[SourceQuality "1"]

{[%evp 9,85,-25,-36,-43,-51,-41,-19,-27,-12,-21,-9,-18,-27,-10,-9,-8,-4,-21,-17,-31,14,12,0,0,0,0,0,0,0,-18,0,0,0,-2,0,-31,-16,-28,0,0,0,0,0,0,10,0,0,0,0,0,0,-46,0,-25,-27,-16,-14,-14,-10,-15,-20,-13,-20,-20,-20,-20,-29,-63,-57,-58,-19,-16,0,-52,0,-20,0,-44]} 1. c4 e6 2. Nc3 d5 3. d4 Bb4 4. e3 Nf6 {[#]} 5. a4 $146 ({Predecessor:} 5. a3 Bxc3+ 6. bxc3 O-O 7. cxd5 exd5 8. Bd3 Re8 9. Ne2 c5 10. O-O b6 11. dxc5 bxc5 12. c4 Ba6 13. cxd5 Bxd3 14. Qxd3 Qxd5 15. Qxd5 Nxd5 16. Ra2 Nb6 17. Rc2 Na6 {½-½ (27) Duda,J (2753)-Radjabov,T (2765) chess.com INT 2020}) 5... O-O 6. Bd2 {E40: Nimzo-Indian: Rubinstein (4 e3): Unusual Black 4th moves.} c5 7. Nf3 dxc4 8. Bxc4 b6 9. dxc5 Bxc5 10. O-O Bb7 11. Qe2 Nc6 12. Rfd1 Qe7 13. Ba6 Rfd8 14. Be1 e5 (14... Bxa6 {keeps more tension.} 15. Qxa6 e5 16. Rxd8+ Rxd8 17. Rd1 Rxd1 18. Nxd1 e4) 15. Bxb7 Qxb7 16. Rxd8+ Rxd8 17. Rd1 Rxd1 18. Qxd1 Qd7 19. Qe2 h6 20. h3 Qe6 21. Nd2 Bb4 22. Qc4 Qxc4 23. Nxc4 e4 24. Kf1 Kf8 25. Nb5 {[#] aiming for Nxa7!} Bxe1 26. Kxe1 $11 {[%mdl 4096] Endgame KNN-KNN} Ke7 27. Kd2 g6 28. Nbd6 Ke6 29. b3 h5 30. h4 Ke7 31. f3 exf3 32. gxf3 Ke6 33. Nb5 Nd5 34. Ke2 f6 35. Kf2 g5 36. Kg3 Nde7 37. e4 Ng6 38. hxg5 fxg5 39. Nc7+ Ke7 40. Nd5+ Ke6 41. Nc7+ Ke7 42. Nd5+ Ke6 43. Nc7+ {Av CentiPawn Loss W=-8/B=-5. Weighted=-8/-5} 1/2-1/2

[Event "Speed Chess Championship 2020"]
[Site "Online"]
[Date "2020.11.08"]
[Round "1.1"]
[White "So, Wesley"]
[Black "Abdusattorov, Nodirbek"]
[Result "1-0"]
[WhiteElo "2816"]
[BlackElo "2662"]
[Annotator "TA"]
[PlyCount "85"]
[EventDate "2020.10.31"]
[EventType "k.o."]
[SourceTitle "playchess.com"]
[Source "ChessBase"]
[SourceQuality "1"]

{[%evp 9,85,11,12,11,20,20,25,18,21,23,16,13,20,22,24,21,16,23,16,16,16,16,16,16,16,16,16,16,29,-9,14,0,23,23,23,23,80,80,64,49,52,15,19,13,82,75,92,81,127,139,134,140,137,137,560,560,560,560,560,560,29965,909,29971,29972,29970,29967,29974,29975,29976,29969,29975,29976,29980,29981,29981,29978,29978,29979]} 1. e4 c6 2. d4 d5 3. e5 Bf5 4. Nd2 e6 5. Nb3 a6 6. Nf3 {B12: Caro-Kann: Advance Variation.} c5 {[%mdl 64] [#] Decoy} 7. dxc5 Bxc5 8. Nxc5 {White has an edge.} Qa5+ 9. c3 Qxc5 10. Nd4 Ne7 {[#]} 11. Qa4+ $146 ({Predecessor:} 11. Be3 Qc7 12. f4 O-O 13. Be2 Be4 14. O-O Nbc6 15. Nb3 Na5 16. Nc5 Bg6 17. b3 {1-0 (59) Svidler,P (2723)-Turov,M (2574) Moscow 2019}) 11... Nbc6 12. Be3 Qa5 13. Qxa5 Nxa5 14. Nxf5 Nxf5 15. Bb6 Nc4 16. Bxc4 dxc4 17. a4 Ne7 18. a5 Nd5 19. Ra4 Rc8 20. Bd4 Kd7 21. Kd2 h5 22. Re1 h4 (22... Rc6 $11) 23. Re4 $16 Rh5 24. Be3 Rf5 25. Ke2 Nxe3 26. Kxe3 $11 {[%mdl 4096] Endgame KRR-KRR} Rc5 (26... g5 $1 $11) 27. f4 $16 (27. Raxc4 $6 Rxc4 28. Rxc4 Rxe5+ 29. Re4 Rxa5 $11) 27... g5 28. g3 (28. Raxc4 $6 gxf4+ 29. Rxf4 Rcxe5+ 30. Kd3 Rxa5 $11) 28... hxg3 29. hxg3 gxf4+ 30. gxf4 f6 31. exf6 ({Much worse is} 31. Rexc4 $6 Rxc4 32. Rxc4 fxe5 $11) 31... Rxa5 $2 {[%mdl 8192] A mistake that costs the game.} (31... Rxf6 $16 32. Rb4 (32. Rexc4 Rxc4 33. Rxc4 Rf5 $16) (32. Raxc4 Rxa5 33. Red4+ Rd5 $11) 32... Rc7 33. Rd4+ (33. Rbxc4 Rxc4 34. Rxc4 Rf5 $16) 33... Kc8) 32. Rxa5 $18 Rxa5 $16 {[#] KR-KR} 33. Re5 $1 {[%cal Re5a5]} Ra1 34. f5 Rf1 35. fxe6+ (35. f7 $142 Ke7 36. fxe6 b5 37. Ke4 Re1+ 38. Kd4 Rf1 39. Ke4 b4 40. Rf5 Re1+ 41. Kd5 Rd1+ 42. Kxc4) 35... Ke8 36. f7+ {White mates.} Ke7 37. Kd4 b5 38. Kc5 Rf2 39. Re3 Rf5+ 40. Kb6 b4 41. cxb4 Rb5+ 42. Kxa6 Rxb4 43. Rf3 {Av CentiPawn Loss W=-29/B=-74. Weighted=-14/-60} 1-0

[Event "Speed Chess Championship 2020"]
[Site "Online"]
[Date "2020.12.08"]
[Round "1.1"]
[White "Vachier-Lagrave, Maxime"]
[Black "Nihal Sarin"]
[Result "0-1"]
[WhiteElo "2784"]
[BlackElo "2620"]
[Annotator "TA"]
[PlyCount "70"]
[EventDate "2020.10.31"]
[EventType "k.o."]

{[%evp 9,70,35,42,20,10,3,50,35,44,41,86,63,60,56,62,24,61,0,144,144,164,21,36,-39,47,-31,-31,-48,11,-155,-65,-41,-52,-95,-85,-58,-82,-76,139,50,262,-165,0,-44,-73,-57,-70,-460,0,-278,0,-441,-456,-420,-432,-1441,-964,-29989,-29990,-29989,-29978,-29990,-29977]} 1. e4 c6 2. Nf3 d5 3. Nc3 dxe4 4. Nxe4 Nf6 5. Qe2 Bf5 6. d3 {B11: Caro-Kann: Two Knights Variation.} e6 7. Nxf6+ (7. g3 {looks sharper.} Be7 8. Bg2 O-O 9. O-O Nbd7 10. Rd1) 7... gxf6 8. g3 {White is slightly better.} Nd7 9. Bg2 Qc7 {[#]} 10. Nd4 $146 ({Predecessor:} 10. O-O O-O-O 11. Rb1 h5 12. b4 Nb6 13. b5 c5 14. Nh4 Bh7 15. Qxh5 Bd6 16. Qe2 {1-0 (45) Vachier Lagrave,M (2784)-Nihal,S (2620) Chess.com INT 2020}) 10... Bg6 11. O-O O-O-O 12. Be3 h5 13. b4 (13. Nf3 $1 $14) 13... Ne5 (13... h4 $11 {remains equal.}) 14. b5 $1 $16 c5 15. Nb3 (15. b6 $18 axb6 16. Nb5) 15... h4 $11 16. a4 ({White should try} 16. Bf4 $14) 16... hxg3 (16... Bh5 $1 $15 17. f3 Bd6) 17. hxg3 (17. fxg3 $14 Bh5 18. Qe1) 17... Bh5 $1 $36 {[%cal Rh5e2][%mdl 2048] Black fights for an advantage.} 18. f3 Bd6 (18... Rg8 $1 $15 19. g4 Bxg4 20. fxg4 Nxg4) 19. Nd2 $2 (19. a5 $11) 19... Rdg8 (19... Ng6 $17 20. Ne4 Be5) 20. Ne4 Be7 {aiming for ...f5.} 21. a5 f5 22. b6 axb6 23. axb6 Qc6 $2 {[#]} (23... Qb8 $17 24. Nd2 Nc6) 24. Bf4 (24. Nd2 $1 $16) 24... Qd5 $2 (24... Ng6 $14 25. Bc7 (25. Ra8+ $2 Kd7 $19) 25... Kd7) 25. d4 $4 {[%mdl 8192]} (25. c4 $18 Nxf3+ 26. Bxf3 Bxf3 27. Qxf3 (27. cxd5 Bxe2 28. dxe6 fxe6 $17) (27. Ra8+ Kd7 $18) 27... fxe4 28. dxe4 Qd4+ 29. Be3) 25... Nc6 $2 (25... Qxd4+ 26. Nf2 $18) (25... Bxf3 $19 26. Qf2 (26. Ra8+ $2 Kd7 $19) 26... Bxg2 27. Qxg2 {[#]} Nf3+ $1 {[%mdl 512]} 28. Qxf3 fxe4) 26. Nxc5 {Threatening mate with Ra8+.} Qxd4+ 27. Be3 Bxc5 28. Bxd4 $4 {[%mdl 8192]} (28. Ra8+ $1 $15 Kd7 29. Rd1 {[%mdl 64] Pin} Rxa8 30. Bxd4 Bxd4+ 31. Rxd4+ Nxd4 32. Qd1) 28... Nxd4 $2 ({Better is} 28... Bxd4+ $19 29. Qf2 Bxf2+ 30. Kxf2 Kd7) 29. Ra8+ $11 Kd7 30. Qd3 $2 {[%mdl 8192]} (30. Rd1 $1 $11 Kc6 31. Qe5 (31. f4+ $2 Kxb6 32. Qe5 Bxd1 $19) 31... Nb5+ 32. Kf1 Rxa8 33. g4 (33. c4 Rhc8 $11)) 30... Rxa8 $19 31. c3 Ra3 32. g4 (32. Rd1 $142 Ke7 33. Kf1) 32... Ke7 {( -> ...Nxf3+)} 33. gxh5 Ne2+ {[%mdl 64] Discovered Attack (Double check). Black mates.} 34. Kh2 Rxh5+ 35. Bh3 Rxh3+ {Weighted Error Value: White=1.16/Black=0.80} 0-1

[Event "Speed Chess Championship 2020"]
[Site "Online"]
[Date "2020.11.04"]
[Round "1.1"]
[White "Firouzja, Alireza"]
[Black "Fedoseev, Vladimir"]
[Result "0-1"]
[WhiteElo "2749"]
[BlackElo "2676"]
[Annotator "TA"]
[PlyCount "106"]
[EventDate "2020.10.31"]
[EventType "k.o."]
[SourceTitle "playchess.com"]
[Source "ChessBase"]
[SourceQuality "1"]

{[%evp 12,106,36,15,18,0,22,13,29,-8,-11,-20,-10,-31,-12,-13,4,16,23,8,45,47,47,46,40,41,72,66,72,79,171,142,147,99,209,215,369,362,358,321,287,0,0,0,127,-50,0,-66,-59,-63,-17,-17,-17,-12,-16,-23,-16,-106,-109,-109,-107,-116,-104,-133,-133,-133,-98,-133,-133,-166,-104,-106,0,-168,-173,-170,-99,-104,-104,-78,-62,-104,-104,-272,-246,-244,-236,-204,-204,-373,-369,-374,-356,-577,-526,-29982,-29984]} 1. e3 b6 2. d4 Bb7 3. Nf3 e6 4. Bd3 f5 5. O-O Nf6 6. c4 Be7 7. Nc3 O-O {A85: Dutch Defence: 2 c4 Nf6 3 Nc3.} 8. Qc2 Bxf3 $5 {[%mdl 4] Leaves trodden paths.} 9. gxf3 Qe8 {[#] The position is equal.} 10. Ne2 $146 ({Predecessor:} 10. Kh1 c5 11. Nb5 Qh5 12. Qe2 Nc6 13. f4 a6 14. Qxh5 Nxh5 15. Nc3 cxd4 16. Ne2 {0-1 (33) Rothman,S (2015)-Bickford,J (2120) USA 1998}) 10... Qh5 11. Kg2 Qh4 12. Bd2 Nc6 13. a3 Nh5 14. Rh1 Rf6 15. Rag1 Rh6 {( -> ...Qh3+!)} 16. h3 $1 Rg6+ 17. Kf1 Rxg1+ 18. Kxg1 Rf8 19. Kf1 g6 20. f4 d6 (20... Qf6 $16 {keeps fighting.}) 21. Ng1 Qf6 22. Nf3 e5 {[#]} (22... Qf7 $16) 23. c5 $1 $18 {[%mdl 512]} exd4 $2 (23... e4) (23... bxc5 24. Bc4+) 24. cxb6 d5 25. bxc7 Rc8 26. Nxd4 $2 (26. Bb5 $18 dxe3 27. Bxe3 (27. Bxc6 exd2 28. Bxd5+ Kg7 $17) (27. Qxc6 $2 Qxc6 28. Bxc6 exd2 $17) 27... Rxc7 28. Ne5 $1 {[%mdl 512]}) 26... Nxd4 $11 27. exd4 Qd6 (27... Bd6 $11 {remains equal.}) 28. Be2 $2 ({Only move:} 28. Ba5 $16) 28... Nxf4 29. Bxf4 (29. Ba5 $11) 29... Qxf4 $15 30. Qc6 {Qe6+ is the strong threat.} Qxc7 31. Qxd5+ Kg7 32. Kg2 Bf6 33. Bf3 Rd8 34. Qb7 (34. Qc5 $11 Qxc5 35. dxc5) 34... Qxb7 $17 35. Bxb7 Rxd4 {[%mdl 4096] Endgame KRB-KRB} 36. b4 Rd2 37. h4 Bd4 38. Rf1 Ra2 39. Bf3 Kf6 40. Kg3 Be5+ (40... Rxa3 $19 41. Rd1 Bb6) 41. Kg2 Bd4 (41... h6 $17 42. Rd1 Rxa3) 42. Kg3 $1 $19 Rxa3 43. Rd1 {[#]} Be5+ (43... Bb6 $1 $19 {Hoping for ...Ra2.} 44. Rd7 h5 45. Rd6+ Kg7) 44. Kg2 $17 Ra4 45. Rd7 h5 46. Rb7 Bd6 47. b5 $2 (47. Bd5 $17) 47... Bc5 48. Rc7 {aiming for Rc6+.} Bb6 49. Rc6+ Kg7 50. Re6 $2 (50. Be2) 50... Rxh4 $19 51. Bd5 Rd4 52. Rd6 $2 (52. Bc6 {might work better.}) 52... Rd2 53. Kg3 {[#]} Bc7 $1 {What a bad dream for White. Av CentiPawn Loss W=-59/B=-20. Weighted=-80/-20} 0-1

[Event "Speed Chess Championship 2020"]
[Site "Online"]
[Date "2020.11.15"]
[Round "1.1"]
[White "Duda, Jan-Krzysztof"]
[Black "Caruana, Fabiano"]
[Result "0-1"]
[WhiteElo "2743"]
[BlackElo "2823"]
[Annotator "TA"]
[PlyCount "66"]
[EventDate "2020.10.31"]
[EventType "k.o."]
[EventCountry "NET"]
[SourceTitle "playchess.com"]
[Source "ChessBase"]
[SourceQuality "1"]

{[%evp 16,66,15,2,10,0,16,0,10,0,-5,-4,13,-45,0,-3,56,56,40,45,79,73,59,0,46,38,100,24,45,16,17,0,-2,-108,-106,-154,-103,-106,-102,-91,-94,-745,-739,-987,-987,-987,-983,-982,-982,-956,-946,-1352,-1337]} 1. e4 e6 2. d4 d5 3. Nc3 Nf6 4. e5 Nfd7 5. f4 c5 6. Nf3 Nc6 7. Be3 Be7 8. Qd2 a6 9. Be2 b5 {C11: French: Classical System: 4 e5 and 4 Bg5 dxe4.} 10. O-O O-O 11. a3 Qb6 {The position is equal.} 12. dxc5 Bxc5 13. Bxc5 Nxc5 14. Kh1 ({White should play} 14. Qe3 $11) 14... Bb7 15. Bd3 {[#]} Rad8 $5 $146 {[%mdl 8] An interesting novelty.} (15... b4 $11 16. axb4 Qxb4) ({Predecessor:} 15... b4 16. axb4 Qxb4 17. f5 exf5 18. Bxf5 Ne7 19. Nd4 Qb6 20. Rae1 Ne4 21. Nxe4 dxe4 {1-0 (36) Cheparinov,I (2657)-Ni,H (2681) Taiyuan 2007}) 16. Qf2 $14 h6 17. b4 Nd7 18. Qh4 f6 {[%cal Rf6e5]} 19. exf6 (19. Qg3 $14) 19... Rxf6 (19... Nxf6 {keeps more tension.} 20. Rad1 Qc7 21. Ne2 Ne4 22. g4 Ne7) 20. Rae1 Rdf8 {[#]} (20... Ne7 $14) 21. f5 (21. Ng5 $1 $16 {[%cal Rg5e6][%mdl 512]} Nce5 (21... hxg5 22. Qh7+) 22. Nh7 {[%mdl 64] Double Attack} (22. fxe5 Rxf1+ 23. Bxf1 hxg5 $11) 22... Nxd3 23. Nxf8 (23. Nxf6+ Nxf6 24. cxd3 Qd4 $16) 23... Nxf8 24. cxd3) 21... Nd8 $11 22. fxe6 Nxe6 23. Qg4 Qd6 24. Nd1 (24. Qg3 $11 Qxg3 25. hxg3) 24... Nf4 $1 $17 {...Ne5! is the strong threat.} 25. Ne3 {[#] Threatening Nf5!} Nxd3 ({Better is} 25... h5 $1 {[%cal Rh5g4]} 26. Qg3 d4) 26. cxd3 Rf4 27. Qg3 d4 $36 {[%mdl 2048] Keeping White busy.} 28. Nd1 $2 {[%mdl 8192] [#] This costs White the game.} (28. Ng4 $17) 28... Ne5 $1 $19 {[%mdl 512] Black is clearly winning.} 29. Nd2 {[#]} (29. Rxe5 Qxe5) 29... Rg4 $1 30. Rxf8+ Qxf8 31. Rxe5 Rxg3 32. hxg3 Qc8 {( -> ...Qh3+!)} 33. Nf2 Qc1+ {[%mdl 64] Double Attack.  Weighted Error Value: White=0.82/Black=0.14} 0-1

[Event "Speed Chess Championship 2020"]
[Site "Online"]
[Date "2020.11.12"]
[Round "1.1"]
[White "Nakamura, Hikaru"]
[Black "Martirosyan, Haik M."]
[Result "1-0"]
[WhiteElo "2736"]
[BlackElo "2622"]
[Annotator "TA"]
[PlyCount "81"]
[EventDate "2020.10.31"]
[EventType "k.o."]
[SourceTitle "playchess.com"]
[Source "ChessBase"]
[SourceQuality "1"]

{[%evp 13,81,0,7,0,0,0,9,0,0,0,0,0,0,0,0,0,0,0,0,0,15,4,29,34,35,28,51,52,98,95,96,93,159,152,151,151,243,235,266,260,275,257,262,254,294,291,280,264,268,255,279,270,280,228,336,307,386,274,381,272,407,407,414,368,356,356,368,362,743,737]} 1. Nf3 Nf6 2. e3 e6 3. b3 c5 4. c4 Be7 5. Bb2 O-O 6. Nc3 d5 7. cxd5 Nxd5 {Nowadays more popular than 7...exd5.} 8. Nxd5 {A13: English Opening: 1...e6.} exd5 9. d4 Nc6 10. Be2 {The position is equal.} cxd4 11. Nxd4 Qa5+ 12. Kf1 Nxd4 13. Bxd4 ({Wrong is} 13. Qxd4 $2 Bf6 $19) 13... Bf5 14. Bd3 Be4 {[#]} 15. f3 $146 ({Predecessor:} 15. Bxe4 dxe4 16. Qg4 Bf6 17. Qxe4 Qa6+ 18. Kg1 Rfe8 19. Qf4 Bxd4 20. Qxd4 Rad8 21. Qb2 {1-0 (49) Nakamura,H (2761)-So,W (2754) Abidjan 2019}) 15... Bxd3+ 16. Qxd3 Rfe8 17. Kf2 Bc5 18. Bxc5 Qxc5 19. Rac1 Qb6 20. Rhd1 a5 {White now steadily converts the win.} 21. Qd4 $36 {[%mdl 2048] Black is under strong pressure.} Qh6 22. h3 Re6 (22... b6 $142) 23. Rc5 $16 Rae8 {[%cal Re6e3]} 24. Rd3 ({Much worse is} 24. Rxd5 $6 Rxe3 25. Kg1 Re2 $11) 24... Rc6 (24... b6 $16 {was called for.} 25. Rxd5 Qg6) 25. Rxa5 $18 ({Don't do} 25. Qxd5 $6 Rce6) 25... Rc2+ 26. Rd2 Rxd2+ 27. Qxd2 {[%mdl 4096] Endgame KQR-KQR} Qh4+ 28. Kf1 d4 29. Qxd4 Qe7 30. Rd5 h6 31. Rd7 Qa3 32. Qd2 Rf8 33. Rd8 Qa6+ (33... g6 $142 34. Qd6 Qxd6 35. Rxd6 b5) 34. Kf2 {[#] Strongly threatening Rxf8+.} Rxd8 35. Qxd8+ {KQ-KQ} Kh7 36. Qd2 g6 (36... Qa3 {is a better defense.} 37. b4 g5) 37. a4 Qc6 38. Qd3 h5 39. Qc4 {[#] Hoping for Qxc6.} Qd7 40. Ke2 Qd6 $2 (40... Kg8 41. a5 h4) 41. Qxf7+ {[%mdl 64] Double Attack.  Weighted Error Value: White=0.09/Black=0.25} 1-0

[Event "Speed Chess Championship 2020"]
[Site "Online"]
[Date "2020.11.16"]
[Round "1.1"]
[White "Artemiev, Vladislav"]
[Black "Giri, Anish"]
[Result "1-0"]
[WhiteElo "2708"]
[BlackElo "2764"]
[Annotator "TA"]
[PlyCount "63"]
[EventDate "2020.10.31"]
[EventType "k.o."]
[EventCountry "NET"]
[SourceTitle "playchess.com"]
[Source "ChessBase"]
[SourceQuality "1"]

{[%evp 9,63,0,0,0,14,0,8,12,27,25,22,29,20,25,52,55,64,66,85,33,139,129,127,151,154,154,149,134,136,143,146,144,199,193,190,184,181,191,170,183,230,233,264,256,272,293,345,347,433,435,552,529,535,538,1675,1728]} 1. d4 d5 2. c4 c6 3. Nf3 Nf6 4. Qc2 g6 5. cxd5 cxd5 6. Bf4 {D11: Slav Defence: 3 Nf3 sidelines and 3...Nf6 4 e3 Bg4.} Nc6 7. Nc3 {is the legacy move (7.e3).} Bg7 8. e3 {The position is equal.} O-O 9. Be2 Bf5 {9...Nh5 is the recent fashion.} 10. Qb3 Na5 11. Qb4 a6 12. O-O Rc8 13. Rfc1 b5 14. Ne5 {[#]} (14. a4 $16 Nc6 15. Qb3) 14... Nc6 $146 {White stays focused until the end.} (14... Nh5 $14) ({Predecessor:} 14... Nc4 15. Nd1 Ne4 16. Nxc4 bxc4 17. f3 Nf6 18. b3 Nh5 19. Bg5 a5 20. Qxe7 Qb6 {½-½ (46) Rodriguez Vignote,J (1923)-Hinojar Diez,D (2148) Madrid 2012}) 15. Nxc6 $16 Rxc6 16. a4 bxa4 17. Nxa4 ({But not} 17. Rxa4 $6 Nh5 $16) 17... a5 {[#] aiming for ...Rxc1+.} 18. Qb7 Rxc1+ 19. Rxc1 Ne4 {intending ...e5.} 20. Bc7 Qa8 (20... Qe8 $16 {might work better.}) 21. Qxa8 $18 Rxa8 22. Nb6 {[%mdl 64] [#] Double Attack} Ra7 23. Nxd5 Bf8 24. f3 $36 {[%mdl 2048] Hoping for g4. Keeping Black busy.} Nd2 25. Nb6 Rb7 26. g4 Bb1 27. Rc6 Ra7 28. Bf4 f6 29. e4 {White is clearly winning.} Nxe4 30. fxe4 Bxe4 31. Rc8 {Black must now prevent Bh6.} Rb7 32. Bh6 {Weighted Error Value: White=0.03/Black=0.29} 1-0

[Event "Speed Chess Championship 2020"]
[Site "Online"]
[Date "2020.11.12"]
[Round "1.1"]
[White "Martirosyan, Haik M."]
[Black "Nakamura, Hikaru"]
[Result "0-1"]
[WhiteElo "2622"]
[BlackElo "2736"]
[Annotator "ChessBase"]
[PlyCount "118"]
[EventDate "2020.10.31"]
[EventType "k.o."]
[SourceTitle "playchess.com"]
[Source "ChessBase"]
[SourceQuality "1"]
[TimeControl "60+1"]

1. d4 {[%emt 0:00:01]} g6 {[%emt 0:00:01]} 2. Nf3 {[%emt 0:00:00]} Bg7 {[%emt 0:00:00]} 3. g3 {[%emt 0:00:00]} d6 {[%emt 0:00:00]} 4. Bg2 {[%emt 0:00:00]} Bd7 {[%emt 0:00:00]} 5. O-O {[%emt 0:00:01]} Qc8 {[%emt 0:00:00]} 6. e4 {[%emt 0:00:01]} Nc6 {[%emt 0:00:01]} 7. d5 {[%emt 0:00:01]} Ne5 {[%emt 0:00:00]} 8. Nxe5 {[%emt 0:00:00]} Bxe5 {[%emt 0:00:01]} 9. Nd2 {[%emt 0:00:01]} Bh3 {[%emt 0:00:00]} 10. Nf3 {[%emt 0:00:01]} h5 {[%emt 0:00:01]} 11. Bxh3 {[%emt 0:00:03]} Qxh3 {[%emt 0:00:00]} 12. Ng5 {[%emt 0:00:01]} Qd7 {[%emt 0:00:01]} 13. h4 {[%emt 0:00:00]} Nh6 {[%emt 0:00:01]} 14. Kg2 {[%emt 0:00:04]} c6 {[%emt 0:00:01]} 15. c4 {[%emt 0:00:01]} Rc8 {[%emt 0:00:00]} 16. Qb3 {[%emt 0:00:02]} O-O {[%emt 0:00:05]} 17. Bd2 {[%emt 0:00:06]} Bg7 {[%emt 0:00:02]} 18. Rac1 {[%emt 0:00:03]} Ng4 {[%emt 0:00:05]} 19. Bc3 {[%emt 0:00:01]} Bf6 {[%emt 0:00:04]} 20. Nf3 {[%emt 0:00:08]} cxd5 {[%emt 0:00:01]} 21. exd5 {[%emt 0:00:05]} Qf5 {[%emt 0:00:01]} 22. Rfe1 {[%emt 0:00:04]} Rc7 {[%emt 0:00:04]} 23. Bxf6 {[%emt 0:00:06]} Qxf6 {[%emt 0:00:00]} 24. Qc3 {[%emt 0:00:06]} Rfc8 {[%emt 0:00:01]} 25. Re4 {[%emt 0:00:09]} b5 {[%emt 0:00:16]} 26. b3 {[%emt 0:00:05]} Qf5 {[%emt 0:00:00]} 27. Qe1 {[%emt 0:00:05]} bxc4 {[%emt 0:00:02]} 28. Rcxc4 {[%emt 0:00:01]} Rxc4 {[%emt 0:00:01]} 29. bxc4 {[%emt 0:00:00]} Nf6 {[%emt 0:00:02]} 30. Rxe7 {[%emt 0:00:02]} Rxc4 {[%emt 0:00:01]} 31. Rxa7 {[%emt 0:00:03]} Qxd5 {[%emt 0:00:01]} 32. Qe7 {[%emt 0:00:01]} Kg7 {[%emt 0:00:01]} 33. Ra3 {[%emt 0:00:04]} Rc2 {[%emt 0:00:01]} 34. Kg1 {[%emt 0:00:03]} Rc1+ {[%emt 0:00:02]} 35. Kg2 {[%emt 0:00:01]} Rc2 {[%emt 0:00:01]} 36. Kg1 {[%emt 0:00:01]} Ng4 {[%emt 0:00:01]} 37. Qe1 {[%emt 0:00:03]} Qc5 {[%emt 0:00:03]} 38. Ra5 {[%emt 0:00:02]} Qxf2+ {[%emt 0:00:01]} 39. Qxf2 {[%emt 0:00:00]} Rxf2 {[%emt 0:00:00]} 40. Ng5 {[%emt 0:00:02]} Rf6 {[%emt 0:00:04]} 41. Ra7 {[%emt 0:00:00]} Ne3 {[%emt 0:00:01]} 42. a4 {[%emt 0:00:01]} d5 {[%emt 0:00:00]} 43. a5 {[%emt 0:00:01]} d4 {[%emt 0:00:01]} 44. Rd7 {[%emt 0:00:00]} Nf5 {[%emt 0:00:01]} 45. Kg2 {[%emt 0:00:00]} Kg8 {[%emt 0:00:01]} 46. a6 {[%emt 0:00:01]} Rxa6 {[%emt 0:00:04]} 47. Nxf7 {[%emt 0:00:01]} Ra3 {[%emt 0:00:02]} 48. Ne5 {[%emt 0:00:01]} Rxg3+ {[%emt 0:00:01]} 49. Kf2 {[%emt 0:00:01]} g5 {[%emt 0:00:12]} 50. hxg5 {[%emt 0:00:02]} h4 {[%emt 0:00:00]} 51. Nf3 {[%emt 0:00:01]} h3 {[%emt 0:00:02]} 52. Rd5 {[%emt 0:00:01]} Rg2+ {[%emt 0:00:01]} 53. Ke1 {[%emt 0:00:01]} Ne3 {[%emt 0:00:01]} 54. Rd8+ {[%emt 0:00:03]} Kf7 {[%emt 0:00:01]} 55. Rd6 {[%emt 0:00:02]} h2 {[%emt 0:00:01]} 56. Rh6 {[%emt 0:00:00]} Rg1+ {[%emt 0:00:01]} 57. Kf2 {[%emt 0:00:01]} h1=Q {[%emt 0:00:01]} 58. Ne5+ {[%emt 0:00:01]} Kg7 {[%emt 0:00:01]} 59. Rxh1 {[%emt 0:00:01]} Rxh1 {[%emt 0:00:01]} 0-1

[Event "Speed Chess Championship 2020"]
[Site "Online"]
[Date "2020.12.08"]
[Round "1.1"]
[White "Nihal Sarin"]
[Black "Vachier-Lagrave, Maxime"]
[Result "0-1"]
[WhiteElo "2620"]
[BlackElo "2784"]
[Annotator "TA"]
[PlyCount "70"]
[EventDate "2020.10.31"]
[EventType "k.o."]

{[%evp 15,70,2,8,0,-5,-46,0,8,36,-78,0,0,0,-3,20,0,0,-12,-17,-4,-2,-27,0,-20,0,0,0,0,-5,-123,-120,-122,-122,-121,-121,-121,-118,-128,-119,-127,-100,-119,-106,-114,-130,-120,-112,-128,-91,-176,-83,-91,0,-158,-154,-261,-254]} 1. b3 Nf6 2. Bb2 g6 3. Nf3 Bg7 4. g3 b6 5. Bg2 Bb7 6. O-O O-O 7. c4 c5 8. Nc3 d5 9. cxd5 {A30: Symmetrical English: Double Fianchetto and Hedgehog.} Nxd5 10. Qc1 Nc7 (10... e5 $15) 11. Rd1 $11 {The position is equal.} Nc6 {[#]} 12. Ne4 $146 {[#]} (12. d4 $1 $14 {[%mdl 512] stays ahead.}) ({Predecessor:} 12. Na4 Bxb2 13. Qxb2 Ne6 14. Nc3 Qd7 15. Rac1 Rac8 16. h4 Ncd4 17. Nxd4 Nxd4 18. e4 {0-1 (32) Almeida,J-Frois,A (2374) Lisbon 2001}) 12... Bxb2 ({Better is} 12... e5 $1 $17) 13. Qxb2 Ne6 14. d3 Rc8 15. Rac1 Rc7 16. h4 Ned4 17. Nxd4 Qxd4 18. Qd2 Rd8 19. Qf4 (19. h5 $5) 19... Qe5 20. Qxe5 Nxe5 21. d4 Bxe4 22. Bxe4 (22. dxe5 $11 Rxd1+ 23. Rxd1 Bxg2 24. Kxg2) 22... Rcd7 $17 23. e3 cxd4 24. exd4 Rxd4 25. Rxd4 Rxd4 {[%mdl 4096] Endgame KRB-KRN} 26. Ba8 Rd8 27. Be4 a5 28. Rc7 Rd7 29. Rc8+ Kg7 30. Rb8 Rd6 31. Rb7 e6 32. Kg2 (32. a3 $17 {might work better.}) 32... Ng4 (32... Nd7 $19 {has better winning chances. Hoping for ...Nc5.} 33. Bc6 Rxc6 34. Rxd7 Rc2) 33. Bf3 Ne5 (33... Nf6 $142) 34. Be4 $1 Rd2 35. Bf3 (35. Kg1 $17) 35... Nd3 {Weighted Error Value: White=0.25/Black=0.23} 0-1